Cambridge Objective PET, (Record no. 5889)
[ view plain ]
| 000 -LEADER | |
|---|---|
| fixed length control field | 02900nac a22003371u 4500 |
| 003 - CONTROL NUMBER IDENTIFIER | |
| control field | EG-ScBUE |
| 005 - DATE AND TIME OF LATEST TRANSACTION | |
| control field | 20220608123312.0 |
| 008 - FIXED-LENGTH DATA ELEMENTS--GENERAL INFORMATION | |
| fixed length control field | 101101r20062003enka f 000 0 eng d |
| 020 ## - INTERNATIONAL STANDARD BOOK NUMBER | |
| International Standard Book Number | 0521805791 |
| 020 ## - INTERNATIONAL STANDARD BOOK NUMBER | |
| International Standard Book Number | 9780521805797 |
| 040 ## - CATALOGING SOURCE | |
| Original cataloging agency | EG-ScBUE |
| Language of cataloging | eng |
| Description conventions | rda |
| Transcribing agency | EG-ScBUE |
| Modifying agency | EG-ScBUE |
| 082 04 - DEWEY DECIMAL CLASSIFICATION NUMBER | |
| Classification number | 428.24 |
| Item number | HAS |
| Edition number | 22 |
| 100 1# - MAIN ENTRY--PERSONAL NAME | |
| Personal name | Hashemi, Louise, |
| Relator term | author. |
| 9 (RLIN) | 20855 |
| 245 10 - TITLE STATEMENT | |
| Title | Cambridge Objective PET, |
| Name of part/section of a work | Teacher's book / |
| Statement of responsibility, etc | Louise Hashemi, Barbara Thomas. |
| 246 30 - VARYING FORM OF TITLE | |
| Title proper/short title | Teacher's book |
| 250 ## - EDITION STATEMENT | |
| Edition statement | Sixth printing. |
| 264 #1 - PUBLICATION, DISTRIBUTION, ETC. (IMPRINT) | |
| Place of publication, distribution, etc | Cambridge : |
| Name of publisher, distributor, etc | Cambridge University Press, |
| Date of publication, distribution, etc | 2006. |
| 300 ## - PHYSICAL DESCRIPTION | |
| Extent | 191 pages : |
| Other physical details | illustrations ; |
| Dimensions | 28 cm. |
| 336 ## - CONTENT TYPE | |
| Source | rdacontent |
| Content type term | text |
| Content type code | txt |
| 337 ## - MEDIA TYPE | |
| Source | rdamedia |
| Media type term | unmediated |
| Media type code | n |
| 338 ## - CARRIER TYPE | |
| Source | rdacarrier |
| Carrier type term | volume |
| Carrier type code | nc |
| 490 ## - SERIES STATEMENT | |
| Series statement | Cambridge books for Cambridge exams |
| 505 ## - FORMATTED CONTENTS NOTE | |
| Formatted contents note | Contents: Unit 1. A question of sport; Exam folder 1. Unit 2. The Meeting place; Exam folder 2 and Writing folder. Unit 3. What's your job?; Exam folder 3. Unit 4. Let's go out; Exam folder 4 and Writing folder 4. Unit 5. Wheels and wings; Exam folder 5. Unit 6. What did you do at school today?; Exam folder 6 and Writing folder. Revision unit 1. Unit 7. Around town. Exam folder 7. Unit 8. Let's celebrate; Exam folder 8 and Writing folder. Unit 9. How do you feel?; Exam folder 9. Unit 10. I look forward to hearing from you ...; Exam folder 10 and Writing folder. Unit 11. Facts and figures; Exam folder 11. Unit 12. A good read; Exam folder 12 and Writing folder. Revision unit 2. Unit 13. A place of my own; Exam folder 13. Unit 14. What's in fashion?; Exam folder 14 and Writing folder. Unit 15. Risk!; Exam folder 15. Unit 16. Free time?; Exam folder 16 and Writing folder. Unit 17. In the future; Exam folder 17. Unit 18. Shooting a film; Exam folder 18 and Writing folder. Revision unit 3. Unit 19. Happy families?; Exam folder 19. Unit 20. So you want to be a pop star?; Exam folder 20 and Writing folder. Unit 21. Money matters; Exam folder 21. Unit 22. Strange but true?; Exam folder 22 and Writing folder. Unit 23. Best friends. Exam folder 23. Unit 24. I've got an idea; Exam folder 24 and Writing folder. Revision unit 4. Unit 25. Shop till you drop; Exam folder 25. Unit 26. The art of persuasion; Exam folder 26 and Writing folder. Unit 27. Traveller's tales; Exam folder 27. Unit 28. What would you do?; Exam folder 28 and Writing folder. Unit 29. What's on the menu?; Exam folder 29. Unit 30. Blue for a boy, pink for a girl; Exam folder 30 and Writing folder. Revision unit 5. List of irregular verbs. List of phonemic symbols. |
| 650 #7 - SUBJECT ADDED ENTRY--TOPICAL TERM | |
| Topical term or geographic name as entry element | English language |
| General subdivision | Study and teaching |
| Form subdivision | Foreign speakers. |
| Source of heading or term | BUEsh |
| 9 (RLIN) | 10860 |
| 650 #7 - SUBJECT ADDED ENTRY--TOPICAL TERM | |
| Topical term or geographic name as entry element | English language |
| Form subdivision | Problems, exercises, etc. |
| Source of heading or term | BUEsh |
| 9 (RLIN) | 20856 |
| 651 ## - SUBJECT ADDED ENTRY--GEOGRAPHIC NAME | |
| Source of heading or term | BUEsh |
| 653 ## - INDEX TERM--UNCONTROLLED | |
| Resource For college | Humanities: English |
| 655 ## - INDEX TERM--GENRE/FORM | |
| Form subdivision | Reading book |
| 9 (RLIN) | 34232 |
| 700 1# - ADDED ENTRY--PERSONAL NAME | |
| Personal name | Thomas, Barbara, |
| Dates associated with a name | 1953- |
| Relator term | author. |
| 9 (RLIN) | 20857 |
| 942 ## - ADDED ENTRY ELEMENTS (KOHA) | |
| Koha item type | Book - Borrowing |
| Call number prefix | 428.24 HAS |
| Source of classification or shelving scheme | Dewey Decimal Classification |
| Withdrawn status | Lost status | Source of classification or shelving scheme | Damaged status | Not for loan | Collection code | Home library | Current library | Shelving location | Date acquired | Source of acquisition | Total Checkouts | Total Renewals | Full call number | Barcode | Date last seen | Date checked out | Price effective from | Koha item type |
|---|---|---|---|---|---|---|---|---|---|---|---|---|---|---|---|---|---|---|
| Dewey Decimal Classification | Baccah | Central Library | Central Library | Second Floor | 01/11/2010 | Purchase | 2 | 1 | 428.24 HAS | 000007141 | 15/07/2025 | 07/10/2008 | 08/11/2007 | Book - Teacher Resource |